000 00469nam a2200181Ia 4500
005 20250603145732.0
008 250603s9999 xx 000 0 und d
020 _a9781259299568
050 _aHM 586 .S33/
100 _aSchaefer, Richard T. & Robert S. Feldman
245 0 _aSociology : and your life with power learning
250 _a1st ed.
260 _aNew York
260 _bMcGhee-Hill Education
260 _c2016
650 _aNew York
942 _cBK
999 _c42703
_d42703